Chính sách nghiên cứu môi trường và phát triển công nghệ môi trường ở Nhật Bản

Salvato in:
Dettagli Bibliografici
Natura: Articolo
Lingua:Vietnamese
Soggetti:
Tags: Aggiungi Tag
Nessun Tag, puoi essere il primo ad aggiungerne! !
Thư viện lưu trữ: Thư viện Trường Đại học Đà Lạt
LEADER 00749nam a2200253 4500
001 DLU040029800
040 # # |a DLU  |b vie 
041 # # |a vie 
044 # # |a vn 
245 # # |a Chính sách nghiên cứu môi trường và phát triển công nghệ môi trường ở Nhật Bản 
651 # # |n hật Bản 
653 # # |a Công nghệ Môi trường 
653 # # |a Chính sách Môi trường 
773 # # |t Bảo vệ môi trường  |g Số 8 -2003, tr. 46 
920 # # |a Phòng Tạp chí -- Trung tâm Thông tin - Thư viện Trường Đại học Đà Lạt 
933 # # |a MT 
994 # # |a DLU 
900 # # |a True 
911 # # |a Lê Nguyên Khang 
925 # # |a G 
926 # # |a A 
927 # # |a BB 
980 # # |a Thư viện Trường Đại học Đà Lạt